[Event "ESP-chT CECLUB Honor"]
[Site "Linares"]
[Date "2017.08.14"]
[Round "3.4"]
[White "Adhiban, Baskaran"]
[Black "Erdos, Viktor"]
[Result "1-0"]
[WhiteElo "2677"]
[BlackElo "2614"]
[Annotator "Adhiban,B"]
[PlyCount "109"]
[EventDate "2017.08.14"]
[EventType "team-tourn"]
[EventRounds "7"]
[EventCountry "ESP"]
[SourceTitle "CBM 181"]
[Source "ChessBase"]
[SourceDate "2017.11.10"]
[SourceVersion "1"]
[SourceVersionDate "2017.11.10"]
[SourceQuality "1"]
[WhiteTeam "Solvay CA"]
[BlackTeam "Beniajan Duochess CAC"]
[WhiteTeamCountry "ESP"]
[BlackTeamCountry "ESP"]

1. d4 d5 2. c4 e6 3. Nc3 Nf6 ({During the world cup Erdos later on switched to
} 3... a6 {and drew comfortably with} 4. cxd5 exd5 5. Qb3 c6 6. e4 dxe4 7. Bc4
Qe7 8. a4 Nf6 9. Nge2 g6 10. O-O Bg7 11. Ng3 O-O 12. Re1 b5 13. axb5 cxb5 14.
Bxb5 Qb7 15. Ba4 Qxb3 16. Bxb3 Nc6 17. Rd1 Bg4 18. Nge2 {1/2-1/2 (18) Svidler,
P (2751)-Erdos,V (2628) Tbilisi GEO 2017}) 4. cxd5 (4. Bg5 Be7 5. cxd5 Nxd5 6.
Bxe7 Qxe7 7. e4 Nxc3 8. bxc3 {I felt Black had a better version than the usual
Semi-Tarrasch, I think Kramnik would be very happy with Black here due to the
extra move ...Qe7 and the fact that the white queen is on d1!}) 4... exd5 5.
Bg5 c6 6. e3 Nbd7 ({In the topical line} 6... Bf5 7. Qf3 {there are now two
major deviations and for each of them there is a specific masterpiece!} Bg6 (
7... Be6 8. Bxf6 Qxf6 9. Qxf6 gxf6 10. Bd3 Nd7 11. Nge2 Nb6 12. Nf4 Nc8 13. f3
h5 14. h4 Bd6 15. Nce2 Bd7 16. Kf2 Ne7 17. Ng3 Bxf4 18. exf4 O-O-O 19. Rhe1
Rde8 20. Re3 Kd8 21. Rae1 a6 22. b4 Nc8 23. Rxe8+ Bxe8 24. a4 Bd7 25. a5 Nd6
26. f5 Bc8 27. Re2 Kc7 28. Ke3 b6 29. axb6+ Kxb6 30. Kf4 a5 31. bxa5+ Kxa5 32.
Re7 Rg8 33. Nxh5 Rxg2 34. Nxf6 Rd2 35. Re3 Nc4 36. Bxc4 dxc4 37. h5 Kb4 38. h6
Rh2 39. h7 c3 40. Kg5 c2 41. Re1 Kb3 42. Rc1 Bd7 43. Nh5 f6+ 44. Nxf6 Be8 45.
Nxe8 Rxh7 46. f6 Kb2 47. Rxc2+ Kxc2 48. Kg6 Rh3 49. f4 Rg3+ 50. Kf5 Rg8 51. f7
Rf8 52. Kg6 Kd3 53. Kg7 Rxf7+ 54. Kxf7 {1-0 (54) Giri,A (2762)-Zvjaginsev,V 
(2643) Antalya TUR 2017}) 8. Bxf6 Qxf6 9. Qxf6 gxf6 10. Nf3 Nd7 11. Nh4 Be7 12.
Ne2 $1 Nb6 13. Ng3 Bb4+ 14. Kd1 Na4 15. Ngf5 Kd7 16. Rb1 Ke6 17. Bd3 Rhc8 18.
Ke2 Bf8 19. g4 c5 20. Ng2 cxd4 21. exd4 Bd6 22. h4 h5 23. Ng7+ Ke7 24. gxh5
Bxd3+ 25. Kxd3 Kd7 26. Ne3 Nb6 27. Ng4 Rh8 28. Rhe1 Be7 29. Nf5 Bd8 30. h6 Rc8
31. b3 Rc6 32. Nge3 Bc7 33. Rbc1 Rxc1 34. Rxc1 Bf4 35. Rc5 Ke6 36. Ng7+ Kd6 37.
Ng4 Nd7 38. Rc2 f5 39. Nxf5+ Ke6 40. Ng7+ Kd6 41. Re2 Kc6 42. Re8 Rxe8 43. Nxe8
Nf8 44. Ne5+ Bxe5 45. dxe5 Kd7 46. Nf6+ Ke6 47. h5 Kxe5 48. Nd7+ Nxd7 49. h7
Nc5+ 50. Ke2 {1-0 (50) Carlsen,M (2851)-Kramnik,V (2801) Stavanger 2016}) 7.
Bd3 Be7 8. Nf3 h6 (8... Ne4 9. Bxe4 Bxg5 10. Bd3 {and White will continue with
his plan of the minority attack.}) ({My major source of inspiration was from} 
8... O-O 9. O-O Nh5 10. Bxe7 Qxe7 11. Qb1 $1 {Kramnik,V (2730)-Timman,J (2590)
Belgrade Investbank 1995 (1) 1-0}) 9. Bh4 {I just wanted to aim for principled
lines.} Nh5 (9... Ne4 10. Bxe4 ({Hence White is better off playing} 10. Bxe7
Qxe7 11. Qc2 {with a slight pull.}) 10... dxe4 11. Nxe4 $1 Bxh4 12. Nd6+ Kf8 (
12... Ke7 13. Nf5+) 13. Qb3 {was an amazing line found by my opponent and was
the reason why he decided to stick to Nh5.} Qf6 ({The refutation of this line
is} 13... Qe7 14. Nf5 Nc5 $1 {pointed out by the computer}) 14. Nxc8 Rxc8 15.
Qxb7 Rd8 (15... Nb6 16. Qxa7 Nd5 17. Qb7) 16. Rc1 {[%csl Rc6] and Black's
pieces are very misplaced and discoordinated especially the h4-bishop.}) 10.
Bxe7 Qxe7 11. O-O Nhf6 (11... O-O {[%csl Yh5] was more natural, but Erdos
joked that he doesn't like to leave pieces hanging.}) 12. Qb1 {Now I am able
to get in b4 in time, as he has not castled yet.} a5 13. a3 O-O 14. b4 axb4 (
14... Re8 {was maybe better.} 15. Rc1 $5 {I will continue playing without b5
and only play it after careful preparation or after the knight leaves d7.} (15.
b5 c5 {should be fine.} (15... Ne4 16. bxc6 $5 bxc6 17. Qc2 $14) 16. b6 c4 17.
Bf5 (17. Bc2 Ra6) 17... Nxb6 $1)) 15. Qxb4 {This idea of taking back with the
queen was missed by Erdos.} Re8 16. Rfc1 $5 {I decided to wait for one more
move before taking on e7.} ({Another option was} 16. Qxe7 Rxe7 17. Rfc1) (16.
Rfb1 {then the a1-rook might feel misplaced.}) 16... Qxb4 $6 {And it proved to
be a good decision.} (16... b6 17. Qxe7 Rxe7 18. a4 Ba6 19. Bf5 $1 {[%cal
Gf3d2,Ga4a5] with a commanding endgame.} g6 20. Bxd7 Nxd7 21. a5 $16) 17. axb4
Rxa1 18. Rxa1 Kf8 19. Nd2 {[%cal Gd2b3,Gb4b5]} ({It is still too early for} 19.
b5 c5) 19... Ke7 20. f3 $1 {Now he always has to worry about e4 which is a
very serious threat.} Nf8 21. Nb3 (21. b5 Ne6 {would lead to the game.}) 21...
Ne6 22. b5 Kd8 23. Kf2 {Do not hurry!} Re7 24. Ra7 cxb5 (24... Rc7 25. b6 Re7
26. Bf5 $1 {[%cal Rf5e6,Rc3a4,Rb3c5] followed by penetration on the c5-square.}
) 25. Nxb5 b6 26. Ra3 $1 {The best place at the moment as it helps me to
completely control the c-file.} Nc7 27. Nc3 (27. Nd6 Bd7 {doesn't achieve
anything.}) 27... Bb7 28. Nc1 $1 {The knight will go to b4 where it will
occupy a commanding post restricting Black's pieces.} g6 29. N1a2 Re6 30. g4 $5
{The principle of creating two weaknesses!} Kc8 31. Nb4 Kb8 32. h3 {I decided
to keep the option of preparing e4 and hence protected g4 for that reason.} Rd6
33. h4 {To hell with that plan :), let's continue gaining space on the
kingside.} (33. Ra4 {[%cal Ge3e4,Gb6b5] is a funny way to prepare e4 but
doesn't work due to the counter-blow with b5.}) 33... Ng8 34. g5 $1 {Fixing
the pawn structure favourably.} hxg5 (34... h5 {might be possible but then
Black's pawn structure on the kingside is seriously compromised.} 35. Nc2 $5 {
[%cal Ge3e4] followed by e4.} ({Another option would be} 35. Nb5 Nxb5 36. Bxb5
Ne7 {[%cal Re7f5]} 37. Rc3 {[%cal Rb5e8,Gb4d3,Gd3e5]} (37. Nd3 {[%cal Gd3e5]}))
) 35. hxg5 Ne7 36. Ra1 Nc6 37. Nca2 $5 {Maintaining the control.} Ne6 38. f4
Ned8 39. Rh1 Nxb4 40. Nxb4 Nc6 41. Rh8+ $1 {It is good to provoke the king
into the open as then it would give rise to various tactical ideas.} (41. Na2
Bc8 $1 {[%cal Gc8e6] It is very important that I don't allow him to achieve
Bc8-e6 which might just hold the position together.}) 41... Kc7 (41... Ka7 $5
42. Na2 {[%cal Ga2c3]} (42. Nxc6+ Bxc6 43. Rh7 Rd7 44. f5 gxf5 45. Bxf5 Rb7 {
is barely holding.}) 42... Ba6 {was maybe a better try.}) 42. Na2 $1 {[%cal
Ga2c3]} Kd7 (42... Rd8 43. Rh7 Rd7 44. Nc3 Na7 45. f5 gxf5 46. Bxf5 Re7 47. g6
{wins.}) (42... Bc8 43. Nc3 {is hopeless.}) 43. Bb5 (43. Nc3 Ke7 44. Bb5 {
was my original intention, but I noticed that Black can escape with} Rd8 $1 (
44... Rd7 45. e4 $1) 45. Rxd8 Nxd8 {[%cal Gb7d5]} 46. Na4 {should also win
eventually.}) 43... Ke7 $6 {It was already very difficult, but this hastens
the end...} (43... Kc7 44. Rf8 Nd8 (44... Rd7 45. Nb4 $1) 45. Be8 {winning the
f7-pawn.}) 44. Nb4 $1 Ke6 (44... Rd8 45. Nxc6+ Bxc6 46. Rxd8 {winning.}) 45. e4
$1 {The strongest!} ({Also strong was} 45. Re8+ Ne7 46. f5+ gxf5 {Here I only
considered} 47. Nd3 ({But} 47. Kf3 {wins on the spot as Black is in zugzwang!})
47... Bc6 $1) 45... dxe4 (45... Nxb4 46. Re8#) 46. d5+ Rxd5 47. Nxc6 $1 {
Once again the strongest! Black is almost in zugzwang.} (47. Nxd5 Kxd5) (47.
Bxc6 Bxc6 48. Nxc6 f6 49. gxf6 g5 $5 {was the idea of Erdos, trying to
liquidate the pawns but the computer is not impressed but shows that White can
win after} 50. Rf8 gxf4 51. f7 {winning the rook or queening.}) 47... Kd6 48.
Rd8+ Kc5 49. Rxd5+ Kxd5 50. Nd8 Bc8 51. Ke3 {Leaving him no hope!} (51. Nxf7
Kd4 52. Nd6 Be6 53. Be8) 51... Kc5 (51... Bf5 52. Nxf7) 52. Nxf7 $1 Be6 (52...
Bf5 53. Be8 b5 54. Bxb5 $1 {Of course!}) (52... Kxb5 53. Nd6+ Kc5 54. Nxc8 b5
55. f5 Kd5 (55... b4 56. f6) 56. fxg6 Ke6 57. Kxe4 b4 58. Nb6) 53. Be8 b5 54.
Ne5 b4 55. Bxg6 {One of my best positional grinds in recent times in the style
of Iron Tigran!} 1-0

[Event "Zaragoza Casablanca op 5th"]
[Site "Zaragoza"]
[Date "2011.12.27"]
[Round "5"]
[White "Ramiro Ovejero, Juan Luis"]
[Black "Kogan, Artur"]
[Result "0-1"]
[WhiteElo "2303"]
[BlackElo "2572"]
[Annotator "Adla Martin"]
[PlyCount "56"]
[EventDate "2011.12.23"]
[EventType "swiss"]
[EventRounds "9"]
[EventCountry "ESP"]
[SourceTitle "CBM 146 Extra"]
[Source "ChessBase"]
[SourceDate "2012.02.29"]
[SourceVersion "1"]
[SourceVersionDate "2012.02.29"]
[SourceQuality "1"]

1. d4 Nf6 2. Nf3 d5 3. c4 e6 4. cxd5 {Un orden inexacto. Si se quiere jugar la
variante del cambio es imprescindible sacar el C a c3 en la tercera jugada
como hizo Kiril Georgiev en la ronda anterior contra Fabrizio Belli. El
problema de este orden es que las negras solucionarán fácilmente el desarrollo
del Ac8 como se verá en la partida.} exd5 5. Nc3 c6 6. Bg5 h6 {Esta pequeña
jugada es importante en el plan de las negras, como veremos a continuación.} 7.
Bh4 Bf5 $1 {La clave.} 8. e3 ({Las blancas pueden intentar desestabilizar el
flanco de dama negro con:} 8. Qb3 {pero el negro preparó con su jugada 6 el
astuto contrajuego} g5 $1 {con dos posibles variantes:} (8... Qb6 9. Bxf6 {
empeora mucho la estructura de peones de las negras en el flanco de rey.}) 9.
Bg3 (9. Qxb7 {La más táctica, sin embargo pese a la ganacia de material esta
línea aún no ha atraído a los jugadores de las piezas blancas.} gxh4 $1 {
Esta jugada causa muchos problemas a las blancas que deberán jugar la posición
con su dama encerrada en "a8". Hay poco material teórico pero con buenos
resultados para las negras, por ejemplo:} (9... Qb6) 10. Qxa8 Qb6 11. Na4 Bb4+
12. Kd1 Qc7 13. a3 Bd6 14. Ne5 O-O 15. Rc1 Bxe5 16. dxe5 Ng4 17. Rg1 Qa5 18.
Nc3 Qb6 19. h3 Nxf2+ 20. Ke1 Qe3 {0-1 (20) Nyland,T (2156)-Balazs,G (2277)/
Budapest HUN 2009/The Week in Chess 770}) 9... Qb6 $1 {Luego de esta jugada
las negras solucionan todos sus problemas, el cambio de damas está asegurado y
el final resultante es fácil de jugar, adjuntamos un par de partidas de
fuertes Grandes Maestros a modo de ejemplo:} 10. Nd2 Nbd7 11. e3 Qxb3 12. Nxb3
Ne4 (12... a5 13. f3 a4 14. Nd2 a3 15. b3 Bb4 16. Rc1 O-O 17. Be2 Rfe8 18. Kf2
Re6 19. Rhd1 Rae8 20. Nf1 Nh5 21. Na4 b5 22. Nc5 Nxc5 23. dxc5 Nf4 24. Rd4 Nxe2
25. Kxe2 Ba5 26. Rdd1 g4 27. Bf4 h5 28. Kf2 h4 29. Rd4 gxf3 30. gxf3 Bd8 31.
Bd6 Bh3 32. Nd2 Rg6 33. e4 Bf6 34. Rb4 Bb2 35. Rc2 d4 {0-1 (35) Maiwald,J 
(2476)-Georgiev,V (2530)/Nuernberg GER 2009/The Week in Chess 774}) 13. Nxe4
Bxe4 14. Nd2 Bg6 15. h4 Rg8 16. Be2 Be7 17. hxg5 hxg5 18. Nf3 f6 19. Nd2 Kf7
20. Bh5 a5 21. a4 Bxh5 22. Rxh5 Kg6 23. Rh2 c5 24. Ke2 cxd4 25. exd4 Rac8 26.
Kd3 Nb6 27. f4 Bb4 28. Nf3 Nc4 29. b3 Nb2+ 30. Ke2 Rc2+ 31. Kf1 gxf4 32. Bxf4
Nd3 33. Be3 Re8 34. Nh4+ Kf7 35. Nf5 Rb2 36. Rd1 Rxb3 37. g4 Re4 38. Rh7+ Ke6
39. Rxb7 Ra3 40. Rb1 Rxg4 41. Ng7+ Kd6 42. Rf7 Ne1 43. Rxf6+ Ke7 44. Re6+ Kf7
45. Bh6 {0-1 (45) Vallejo Pons,F (2663)-Shirov,A (2736)/Monte Carlo MNC 2004/
Yearbook 2007}) 8... Be7 9. Bd3 Bxd3 10. Qxd3 Nbd7 11. O-O O-O 12. Rab1 ({
La evaluación general de la línea es que las negras han igualado sin
inconvenientes al serles favorable el cambio de alfiles de casillas blancas.
Algunas partidas de Grandes Maestros confirman esta evaluación. También
recomendamos al jugador interesado en jugar esta línea con negras que estudie
la partida Portisch-Kasparov, Skelleftea 1989, entre otras.} 12. a3 a5 13. Bg3
Re8 14. Rfe1 Qb6 15. Rab1 Bf8 16. Ne5 Nxe5 17. Bxe5 Nd7 18. Bg3 Re6 19. Ne2
Rae8 20. Nf4 Re4 21. f3 R4e7 22. Bf2 Nf6 23. b4 axb4 24. axb4 Rd7 25. b5 c5 26.
dxc5 Bxc5 27. Qf5 Bxe3 28. Bxe3 Rxe3 29. Rxe3 Qxe3+ 30. Kh1 Re7 31. h3 Qe5 32.
Qxe5 Rxe5 33. Rd1 Kf8 34. Nd3 Re6 35. Nf4 Rb6 36. Nxd5 Rd6 37. Ne3 Rxd1+ 38.
Nxd1 Ke7 39. Ne3 g6 40. Nc4 Ke6 41. Na5 b6 42. Nc6 Nd5 43. Nd8+ Ke7 44. Nc6+
Kd6 45. Nd8 f5 46. g4 fxg4 47. fxg4 Kc5 48. Nf7 Kxb5 49. Nxh6 Ka4 50. Nf7 b5
51. Ne5 b4 52. Nd3 b3 53. Nc5+ Kb4 54. Nxb3 Kxb3 55. Kg2 Kc4 56. Kf3 Kd4 57. g5
Ke5 58. Kg4 Ne3+ 59. Kf3 Nf5 60. Kg4 Ng7 61. h4 Ke4 62. Kg3 {0-1 (62)
Yermolinsky,A (2597)-Ivanchuk,V (2714)/Wijk aan Zee 1999/CBM 068 ext}) 12... a5
13. Qc2 ({Es difícil encontrar para las blancas jugadas que cambien la
evaluación, por ejemplo:} 13. Nd2 Re8 14. f3 b5 15. Bf2 Bd6 16. Rfd1 a4 17. Ne2
Qb8 18. Nf1 Qb6 19. g4 c5 20. h4 c4 21. Qc2 b4 22. g5 hxg5 23. hxg5 Nh7 24. Qf5
Qc6 25. Nfg3 Bxg3 26. Nxg3 Qe6 27. Qf4 Qg6 28. Qg4 Ndf8 29. f4 Nf6 30. Qf3 Ne4
31. Kg2 Nxg3 32. Kxg3 Re4 33. Rh1 Rae8 34. a3 Rb8 35. axb4 Rxb4 36. Ra1 f5 37.
Ra2 Ne6 38. Be1 Rb3 39. Bc3 Qe8 40. Kf2 a3 41. Qh3 Nf8 42. Rxa3 Rxa3 43. bxa3
Qa4 44. Qxf5 Qc2+ 45. Kg1 Qd1+ 46. Kg2 Qe2+ 47. Kg1 Qxe3+ 48. Kg2 Qe2+ 49. Kg1
Qd1+ 50. Kg2 Qc2+ {0-1 (50) Saric,A (2455)-Delchev,A (2661)/Kusadasi 2006/CBM
111 ext}) 13... Re8 14. a3 Nb6 (14... Bd6 $5) 15. Ne5 Nfd7 $1 {Las negras
expulsan a las pocas piezas blancas bien ubicadas y, pese a la simplificación,
mantendrán una duradera presión apoyándose en la columna "e" y el control del
flanco de dama.} 16. Bxe7 Qxe7 17. Nxd7 Qxd7 18. Na4 Nc4 19. Nc5 Qc7 20. e4 $6
{Las blancas no aceptan el juego pasivo pero debilitan su estructura de peones,
especialmente el peón "d4".} Qf4 $5 21. exd5 cxd5 22. Rbd1 b6 23. Na4 Re6 ({
Las negras disminuyen su iniciativa intentado ganar tiempos para controlar la
columna "e". Era interesante} 23... b5 24. Nc3 (24. Nc5 a4 {Xb2}) 24... Rac8
25. Nxd5 $2 Qg5 26. Nc3 b4 {con enorme ventaja.}) 24. Nc3 Qg5 25. Rd3 $6 ({
En el momento en que las blancas consiguieron un pequeño respiro cometen este
grave error, debieron luchar por la columna "e" con:} 25. Rfe1 Rae8 26. Rxe6
Rxe6 27. a4 {con solo una levísima ventaja negra.}) 25... Rae8 26. Rg3 $2 {
Esta jugada pierde inmediatamente. Cualquier otra que no se dejase nada era
preferible.} Qd2 $1 27. Qd3 Re1 28. Nb1 Qc1 0-1